000 00564nam a22001937a 4500
003 KOHA_MİRAKIL
005 20251002153058.0
008 251002b tu ||||| |||| 00| 0 tur d
020 _a9789750524530
040 _aTR-AnABB
_btur
_cTR-AnABB
041 _atur
082 _a813.42
_bCIR 2018
100 1 _aÇıracıoğlu, Vecdi,
245 1 0 _aSerseri standartları sempoztumu /
_cVecdi Çıracıoğlu
260 _aİstanbul :
_bİletişim Yayınları,
_c2018
300 _a343 saayfa ;
_c20 cm
650 0 4 _aTürk edebiyatı, roman
942 _2ddc
_cBK
999 _c9043
_d9043
900 _bGizem YORULMAZ